00000000nam 2200000zi 4500
0019.944177
003CaOODSP
00520250108152246
006m     o  d f      
007cr |n|||||||||
008241016t20242024onca    ob   f000 0 fre d
020 |a9780660740430
040 |aCaOODSP|bfre|erda|cCaOODSP
043 |an-cn---
0861 |aM144-331/2024F-PDF
24503|aLa stratégie canadienne pour les bâtiments verts : |btransformer le secteur canadien du bâtiment pour un avenir carboneutre et résilient.
264 1|a[Ottawa] : |bNatural Resources Canada = Ressources naturelles Canada, |c[2024]
264 4|c©2024
300 |a1 ressource en ligne (45 pages) : |billustrations
336 |atexte|btxt|2rdacontent/fre
337 |ainformatique|bc|2rdamedia/fre
338 |aressource en ligne|bcr|2rdacarrier/fre
500 |aPublié aussi en anglais sous le titre : The Canada green buildings strategy: transforming Canada's buildings sector for a net-zero and resilient future.
504 |aComprend des références bibliographiques.
650 6|aConstructions durables|xPolitique gouvernementale|zCanada.
650 6|aGaz carbonique|xRéduction|xPolitique gouvernementale|zCanada.
650 6|aGaz à effet de serre|xRéduction|xPolitique gouvernementale|zCanada.
7101 |aCanada. |bRessources naturelles Canada, |eorganisme de publication.
77508|tThe Canada green buildings strategy : |w(CaOODSP)9.944173
85640|qPDF|s3.09 Mo|uhttps://publications.gc.ca/collections/collection_2025/rncan-nrcan/M144-331-2024-fra.pdf
8564 |qHTML|sS.O.|uhttps://ressources-naturelles.canada.ca/transparence/rapports-et-responsabilisation/plans-rapports/strategies-departementales/la-strategie-canadienne-pour-les-batiments-verts-transformer-le-secteur-canadien-du-b/26066